| 000 | 00692nam a2200205 a 4500 | ||
|---|---|---|---|
| 005 | 20250312063755.0 | ||
| 008 | 151104s2011 mx r 000 0 spa d | ||
| 020 | _a9786077679356 | ||
| 035 | _aUPN01000206552 | ||
| 049 | _aCG | ||
| 050 | 4 |
_aF1286 _bA4.3 |
|
| 245 | 0 | 0 |
_aAlejandro Cervantes Delgado : _brazones y convicciones de un gobernante / _ccoord. Antonio Cervantes Núñez. |
| 260 |
_aMéxico : _bH. Congreso del Estado de Guerrero, _c2011. |
||
| 300 | _a356 p. | ||
| 600 | 1 | 4 |
_aCERVANTES DELGADO, ALEJANDRO _924420 |
| 650 | 4 |
_aGOBERNADORES - _zGUERRERO _924416 |
|
| 651 | 4 |
_aGuerrero _xPolítica y gobierno _919692 |
|
| 700 | 1 |
_aCervantes Núñez, Antonio, _ecoord. |
|
| 905 | _aLibro | ||
| 999 |
_c178653 _d178653 |
||